| 000 | 00861nam a2200253 i 4500 | ||
|---|---|---|---|
| 001 | bg | ||
| 245 | 0 | 0 |
_aPolscy ekonomiści w świecie / _cpod red. Tadeusza Kowalika i Jerzego Hausnera. |
| 260 |
_aWarszawa ; _aKraków : _bWydaw. Naukowe PWN, _c2000. |
||
| 300 |
_a299 s. : _bil. ; _c24 cm. |
||
| 504 | _aBibliogr. przy rozdz. - Indeks. | ||
| 650 | 9 | _aEkonomia | |
| 651 | 9 |
_aEuropa Środkowo-Wschodnia _xgospodarka _yod 1989 r. |
|
| 655 | _aMateriały konferencyjne | ||
| 700 | 1 |
_aKOWALIK, Tadeusz _d(1926- ). _eRed. |
|
| 700 | 1 |
_aHAUSNER, Jerzy _d(1949- ). _eRed. |
|
| 020 | _a830113089X | ||
| 040 | _cBPK | ||
| 041 | 0 | _apl | |
| 080 | _a338.1(4-191.2-11)"1989/..." | ||
| 920 | _a83-01-13089-X | ||
| 942 | _cKS | ||
| 008 | s pl f |000 0 pol | ||
| 999 |
_c40795 _d40795 |
||
| 856 |
_uhttp://koha.tu.koszalin.pl/cgi-bin/koha/opac-detail.pl?biblionumber=40795 _yKatalog online BPK |
||